000
00320nam a2200145Ia 4500
005
20251222144648.0
008
251222s9999||||xx |||||||||||||| ||spa||
020
_a
84-344-8368-8
082
_a
870.9/B28
100
_a
Bayet, Jean
245
0
_a
Literatura Latina
250
_a
3a.ed.
264
_b
Ariel
942
_c
LIB
999
_c
16965
_d
16965